La presupposizione: estratto da il contratto in generale
Guardat en:
| Autor principal: | |
|---|---|
| Format: | Llibre |
| Idioma: | italià |
| Publicat: |
Turín
G. Giappichelli
2000
|
| Edició: | 2a. ed |
| Col·lecció: | Trattado di Diritto Privato, 9-4
|
| Matèries: | |
| Etiquetes: |
Afegir etiqueta
Sense etiquetes, Sigues el primer a etiquetar aquest registre!
|
MARC
| LEADER | 00000nam a2200000 a 4500 | ||
|---|---|---|---|
| 001 | UCN4385 | ||
| 003 | CL-VaPUC | ||
| 008 | 010803e20000000IT |||||||||||||||||ita|d | ||
| 082 | 0 | 4 | |a 346.02 |b BEL |2 21 |
| 100 | 0 | |a Belfiore, Angelo |e author |9 460729 | |
| 245 | 1 | 3 | |a La presupposizione: estratto da il contratto in generale |
| 250 | |a 2a. ed | ||
| 300 | |a 128 p | ||
| 942 | |c BK | ||
| 945 | |d 20010803 00:00:00 |a vberengu | ||
| 260 | |a Turín |b G. Giappichelli |c 2000 | ||
| 650 | 0 | |a Contrato |9 336601 | |
| 650 | 7 | |a INTERPRETACION DE LOS CONTRATOS |2 CL-VaPUC |9 382019 | |
| 650 | 7 | |a PRESUPOSICION |2 CL-VaPUC |9 460730 | |
| 583 | |a last modification |c 20010803 00:00:00 |k Rodrigo Vera | ||
| 490 | 0 | |a Trattado di Diritto Privato, 9-4 | |
| 999 | |c 296631 |d 296629 | ||
| 952 | |0 0 |1 0 |4 0 |6 346_020000000000000_BEL_2000 |7 0 |8 DER_ROM |9 350588 |a BIBDER |b BIBDER |d 2019-11-20 |i 3741923 |l 2 |o 346.02 BEL 2000 |p 3741923 |r 2023-01-25 |s 2021-10-16 |w 2019-11-20 |x Ubicación 4to piso |y BK |z Este recurso debe solicitarse con anticipación |k DER | ||